000 00408nam a22001217a 4500
082 _a200 THE
100 _aZia Ur Rehman Sarwar
_973214
245 _aTH-SOF-1797-Modeling the Effect of Spherical Particles of various sizes using Direct Laser Deposition
260 _aISLAMABAD
_bNUST COLLEGE OF EME
_c2020
650 _aMS-MECH-17
_973125
700 _aSupervisor Dr. Khalid Mahmood
_969858
942 _cCF
_2ddc
999 _c579033
_d579033